Copa do Mundo da FIFA de 2022 - Statistics

Estatísticas Gerais
  • Esse quiz foi jogado 31 727 vezes
  • A pontuação média é 26 de 32
Estatísticas das Respostas
Grupo Time % Correto
Grupo G Brasil
99%
Grupo C Argentina
97%
Grupo D França
94%
Grupo H Portugal
93%
Grupo E Alemanha
92%
Grupo E Espanha
92%
Grupo A Catar
90%
Grupo E Japão
90%
Grupo H Coreia do Sul
88%
Grupo H Uruguai
88%
Grupo B Estados Unidos
87%
Grupo G Suíça
87%
Grupo B Inglaterra
86%
Grupo G Camarões
85%
Grupo F Croácia
84%
Grupo C México
84%
Grupo A Países Baixos
82%
Grupo G Sérvia
81%
Grupo A Equador
80%
Grupo F Marrocos
80%
Grupo C Arábia Saudita
78%
Grupo D Austrália
78%
Grupo F Bélgica
78%
Grupo F Canadá
78%
Grupo A Senegal
75%
Grupo C Polônia
71%
Grupo D Dinamarca
68%
Grupo E Costa Rica
67%
Grupo H Gana
67%
Grupo B Irão
64%
Grupo B País de Gales
58%
Grupo D Tunísia
52%
Nenhum quiz correspondente encontrado
Distribuição das Pontuações
Porcentagem de Pessoas com Cada Pontuação
Percentil de Números Respondidos
Sua Pontuação Histórica
Você não jogou esse quiz